Toxic Chemicals - Sudden Death! - Statistics

General Stats
  • This quiz has been taken 213 times
  • The average score is 5 of 19
Answers on the Grid
Answers color-coded by a green-red scale on the quiz's grid according to % correct below.
Lead
Mercury
Hydrogen sulfide
Asbestos
Arsenic
Benzene
Cadmium
Methane
Carbon dioxide
Ozone
Fentanyl
Sodium arsenate
Polonium
Vinyl chloride
Maitotoxin
Gallium
Antimony
Serotonin
Nickel
Love
Folic acid
Thiamine
Neon
Radium
Glass
Propane
Sulfur
Toluene
Carbon monoxide
Hydrofluoric acid
Sodium
Silicon
 
Answer Stats
Answer % Correct
Mercury
51%
Arsenic
50%
Lead
45%
Carbon monoxide
41%
Asbestos
40%
Radium
37%
Fentanyl
23%
Polonium
23%
Hydrogen sulfide
21%
Cadmium
20%
Hydrofluoric acid
20%
Benzene
18%
Sodium arsenate
15%
Maitotoxin
13%
Ozone
11%
Toluene
11%
Antimony
10%
Vinyl chloride
10%
Thiamine
4%
No matching quizzes found
Score Distribution
Percent of People with Each Score
Percentile by Number Answered
Your Score History
You have not taken this quiz